[Event "HUN-chT2 Toth 1718"]
[Site "Hungary"]
[Date "2017.10.08"]
[Round "2.2"]
[White "Varga, Tamas"]
[Black "Kelly, Laszlo Endre"]
[Result "1/2-1/2"]
[WhiteElo "2201"]
[BlackElo "2198"]
[PlyCount "89"]
[EventDate "2017.09.24"]
[EventType "team-tourn"]
[EventRounds "11"]
[EventCountry "HUN"]
[SourceTitle "EXT 2021"]
[Source "ChessBase"]
[SourceDate "2020.10.23"]
[SourceVersion "1"]
[SourceVersionDate "2020.10.23"]
[SourceQuality "1"]
[WhiteTeam "Bekes"]
[BlackTeam "Gyula"]
[WhiteTeamCountry "HUN"]
[BlackTeamCountry "HUN"]

1. d4 d5 2. c4 e6 3. Nf3 Nf6 4. Bg5 c6 5. e3 Qa5+ 6. Nbd2 Ne4 7. Bf4 g5 8. Be5 g4 9. Bxh8 gxf3 10. c5 fxg2 11. Bxg2 b6 12. Bxe4 dxe4 13. 0-0 Ba6 14. Re1 Bd3 15. Nb3 Qa6 16. Qh5 Nd7 17. cxb6 axb6 18. Rec1 c5 19. dxc5 bxc5 20. Nxc5 Nxc5 21. Rxc5 Be2 22. Qe5 Bxc5 23. Qxc5 Rc8 24. Qg5 Bf3 25. Bf6 Rc2 26. Qg8+ Kd7 27. Qxf7+ Kc8 28. Qe8+ Kb7 29. Qe7+ Ka8 30. Qa3 Qxa3 31. bxa3 h5 32. h4 Rd2 33. a4 Rd1+ 34. Rxd1 Bxd1 35. a5 Kb7 36. Kh2 Ka6 37. Bc3 Bf3 38. Kg3 Kb7 39. Kf4 Ka6 40. Ke5 Kb7 41. Kxe6 Ka6 42. Kd6 Kb7 43. a3 Ka6 44. Kc6 Bg2 45. Bh8 1/2-1/2

[Event "HUN-chT2 Toth 1415"]
[Site "Hungary"]
[Date "2015.03.22"]
[Round "10.5"]
[White "Varga, Tamas"]
[Black "Keresztes, Mark"]
[Result "1/2-1/2"]
[WhiteElo "1968"]
[BlackElo "2026"]
[PlyCount "21"]
[EventDate "2014.09.07"]
[EventType "team-tourn"]
[EventRounds "11"]
[EventCountry "HUN"]
[SourceTitle "EXT 2016"]
[Source "ChessBase"]
[SourceDate "2015.10.08"]
[SourceVersion "1"]
[SourceVersionDate "2015.10.08"]
[SourceQuality "1"]
[WhiteTeam "Bekes"]
[BlackTeam "Toth Laszlo"]
[WhiteTeamCountry "HUN"]
[BlackTeamCountry "HUN"]

1. d4 Nf6 2. c4 e6 3. Nc3 Bb4 4. Nf3 Bxc3+ 5. bxc3 d6 6. e3 0-0 7. Bd3 Nc6 8. Ba3 Re8 9. h3 b6 10. 0-0 e5 11. Nh2 1/2-1/2

[Event "HUN-chT2 Toth 1415"]
[Site "Hungary"]
[Date "2014.10.12"]
[Round "3.4"]
[White "Tornyai, Jeno"]
[Black "Varga, Tamas"]
[Result "0-1"]
[WhiteElo "1922"]
[BlackElo "1968"]
[PlyCount "116"]
[EventDate "2014.09.07"]
[EventType "team-tourn"]
[EventRounds "11"]
[EventCountry "HUN"]
[SourceTitle "EXT 2016"]
[Source "ChessBase"]
[SourceDate "2015.10.08"]
[SourceVersion "1"]
[SourceVersionDate "2015.10.08"]
[SourceQuality "1"]
[WhiteTeam "Maroczy II"]
[BlackTeam "Bekes"]
[WhiteTeamCountry "HUN"]
[BlackTeamCountry "HUN"]

1. d4 Nf6 2. Nc3 d5 3. Bg5 Bf5 4. f3 Nbd7 5. Nxd5 Nxd5 6. e4 h6 7. Bh4 Ne3 8. Qd3 Nxf1 9. exf5 Nxh2 10. Rxh2 c5 11. 0-0-0 Qc7 12. dxc5 0-0-0 13. Rh3 Nxc5 14. Qxd8+ Qxd8 15. Rxd8+ Kxd8 16. Ne2 Kd7 17. Rh1 e6 18. b4 Na6 19. Rd1+ Kc7 20. Bd8+ Kc8 21. fxe6 Bxb4 22. e7 Re8 23. Nd4 Bxe7 24. Bxe7 Rxe7 25. Nf5 Re2 26. Rd2 Re1+ 27. Kb2 Re5 28. Nd6+ Kc7 29. Nxf7 Re6 30. f4 Nc5 31. Ne5 g5 32. g3 Ne4 33. Rd3 Nd6 34. Rc3+ Kd8 35. Rd3 Ke7 36. Kb3 Kf6 37. Nd7+ Ke7 38. Nc5 Rg6 39. Re3+ Kf7 40. Nd7 Re6 41. Ne5+ Ke7 42. c4 gxf4 43. gxf4 Nf7 44. Kc3 Nxe5 45. fxe5 Rg6 46. Kd4 Ke6 47. Re4 h5 48. Re1 Rg4+ 49. Kc3 h4 50. a4 h3 51. a5 a6 52. Kb4 h2 53. Rh1 Rg2 54. Kc5 Kxe5 55. Kb6 Rb2+ 56. Kc5 Kf4 57. Kd6 Kg3 58. c5 Kg2 0-1

[Event "HUN-chT2 Toth 1213"]
[Site "Hungary"]
[Date "2013.03.24"]
[Round "9.8"]
[White "Banyai, Istvan"]
[Black "Varga, Tamas"]
[Result "0-1"]
[WhiteElo "1977"]
[BlackElo "1776"]
[PlyCount "74"]
[EventDate "2012.09.16"]
[EventType "team-tourn"]
[EventRounds "11"]
[EventCountry "HUN"]
[SourceTitle "EXT 2014"]
[Source "ChessBase"]
[SourceDate "2013.11.20"]
[SourceVersion "1"]
[SourceVersionDate "2013.11.20"]
[SourceQuality "1"]
[WhiteTeam "Gyula"]
[BlackTeam "Bekes"]
[WhiteTeamCountry "HUN"]
[BlackTeamCountry "HUN"]

1. e4 e5 2. Nf3 Nc6 3. d4 exd4 4. Nxd4 Bc5 5. Nxc6 Qf6 6. Qd2 Qxc6 7. Bd3 Nf6 8. 0-0 0-0 9. Qe2 Re8 10. Re1 a6 11. h3 d5 12. e5 Bd4 13. c3 Bxe5 14. Qd1 Bd6 15. Bg5 Ne4 16. Bxe4 Rxe4 17. Nd2 Rxe1+ 18. Qxe1 Bf5 19. Nf3 Re8 20. Qd2 Qc4 21. Nd4 Qd3 22. Nxf5 Qxf5 23. Be3 Qe5 24. g3 Qe6 25. Kh2 c6 26. Rd1 Qe4 27. b3 Qf3 28. Rg1 h5 29. h4 Re4 30. Rg2 Bxg3+ 31. fxg3 Rxe3 32. c4 Rd3 33. Qe1 Rd1 34. Qe8+ Kh7 35. Qe5 g6 36. g4 hxg4 37. h5 Qh3# 0-1

[Event "HUN-chT2 Toth 1213"]
[Site "Hungary"]
[Date "2013.03.03"]
[Round "8.8"]
[White "Varga, Tamas"]
[Black "Csiki, Levente"]
[Result "1/2-1/2"]
[WhiteElo "1776"]
[BlackElo "1904"]
[PlyCount "104"]
[EventDate "2012.09.16"]
[EventType "team-tourn"]
[EventRounds "11"]
[EventCountry "HUN"]
[SourceTitle "EXT 2014"]
[Source "ChessBase"]
[SourceDate "2013.11.20"]
[SourceVersion "1"]
[SourceVersionDate "2013.11.20"]
[SourceQuality "1"]
[WhiteTeam "Bekes"]
[BlackTeam "Abony"]
[WhiteTeamCountry "HUN"]
[BlackTeamCountry "HUN"]

1. e4 e5 2. Nf3 Nc6 3. Bc4 Be7 4. 0-0 d6 5. h3 Nf6 6. Nc3 0-0 7. d4 exd4 8. Nxd4 Nxd4 9. Qxd4 Be6 10. Bxe6 fxe6 11. Be3 d5 12. exd5 exd5 13. Bg5 c5 14. Qe5 d4 15. Ne4 b6 16. Rae1 Rf7 17. Qe6 Nxe4 18. Bxe7 Qxe7 19. Rxe4 Qxe6 20. Rxe6 Rd7 21. Rd1 Rad8 22. Kf1 Kf7 23. Re4 Re7 24. Rxe7+ Kxe7 25. Ke2 b5 26. b4 c4 27. Kf3 Rf8+ 28. Kg3 Rd8 29. Kf3 Rd6 30. Rd2 Ra6 31. Ke4 Rxa2 32. Kxd4 Ra6 33. Kc5 Rb6 34. c3 Rb7 35. Ra2 Ke6 36. Ra5 Ke5 37. Kc6 Rb6+ 38. Kc7 Ke4 39. Rxa7 Rg6 40. Ra5 Rg5 41. h4 Rf5 42. g4 Rxf2 43. Rxb5 Rf7+ 44. Kd6 Rf6+ 45. Kd7 Kd3 46. Rf5 Rxf5 47. gxf5 Kxc3 48. b5 Kd4 49. b6 c3 50. b7 c2 51. b8Q c1Q 52. Qg3 Qh6 1/2-1/2

[Event "HUN-chT2 Toth 1213"]
[Site "Hungary"]
[Date "2012.10.07"]
[Round "2.9"]
[White "Csibor, Andras"]
[Black "Varga, Tamas"]
[Result "1-0"]
[WhiteElo "1929"]
[BlackElo "1776"]
[PlyCount "127"]
[EventDate "2012.09.16"]
[EventType "team-tourn"]
[EventRounds "11"]
[EventCountry "HUN"]
[SourceTitle "EXT 2014"]
[Source "ChessBase"]
[SourceDate "2013.11.20"]
[SourceVersion "1"]
[SourceVersionDate "2013.11.20"]
[SourceQuality "1"]
[WhiteTeam "Mako II"]
[BlackTeam "Bekes"]
[WhiteTeamCountry "HUN"]
[BlackTeamCountry "HUN"]

1. d4 Nf6 2. f4 g6 3. Nf3 Bg7 4. Nbd2 d5 5. e3 0-0 6. Bd3 c5 7. c3 c4 8. Bc2 Ng4 9. Qe2 f5 10. 0-0 e6 11. Ne5 Nxe5 12. fxe5 Nc6 13. Nf3 Bh6 14. Bd2 Bd7 15. Be1 Be8 16. h3 Rc8 17. Nh2 Rc7 18. Bf2 Rg7 19. g4 Kh8 20. Kh1 Bg5 21. Qe1 Qd7 22. h4 Bd8 23. Bg3 Rgf7 24. Bf4 h5 25. gxh5 gxh5 26. Bd1 Rh7 27. Nf3 Bg6 28. Rg1 Rg8 29. Rg2 Qe8 30. Be2 Bf7 31. Rxg8+ Qxg8 32. Ng5 Rg7 33. Qd1 Bxg5 34. Bxg5 Rxg5 35. hxg5 Qxg5 36. Qg1 Qxg1+ 37. Kxg1 Kh7 38. Kf2 Kh6 39. b3 b5 40. Kg3 Na5 41. bxc4 Nxc4 42. Bxc4 dxc4 43. a4 a6 44. axb5 axb5 45. Ra7 Kg6 46. Rb7 Be8 47. Kh4 Bc6 48. Rc7 Be8 49. Re7 Bf7 50. Kg3 Kg7 51. Rb7 Kf8 52. Rxb5 Ke8 53. Rc5 Kd8 54. Rxc4 Be8 55. Rb4 Kc7 56. c4 Bf7 57. Kh4 Kc6 58. Kg5 Be8 59. Rb2 Kc7 60. Kf6 Kc6 61. Kxe6 h4 62. Kxf5 h3 63. Rh2 Bd7+ 64. e6 1-0

[Event "HUN-chT2 Toth 1011"]
[Site "Hungary"]
[Date "2011.04.10"]
[Round "8.10"]
[White "Varga, Tamas"]
[Black "Horvath, Adam"]
[Result "0-1"]
[WhiteElo "1737"]
[BlackElo "2498"]
[PlyCount "120"]
[EventDate "2010.09.12"]
[EventType "team-tourn"]
[EventRounds "11"]
[EventCountry "HUN"]
[SourceTitle "EXT 2012"]
[Source "ChessBase"]
[SourceDate "2011.11.24"]
[SourceVersion "1"]
[SourceVersionDate "2011.11.24"]
[SourceQuality "1"]
[WhiteTeam "Bekes"]
[BlackTeam "Csongrad Felegyhaza"]
[WhiteTeamCountry "HUN"]
[BlackTeamCountry "HUN"]

1. e4 c6 2. d4 d5 3. Nc3 dxe4 4. Nxe4 Bf5 5. Ng3 Bg6 6. Nf3 e6 7. c3 Nd7 8. Bd3 Bxd3 9. Qxd3 Ngf6 10. 0-0 Bd6 11. Ne4 Nxe4 12. Qxe4 Nf6 13. Qe2 h6 14. Be3 0-0 15. h3 Rc8 16. Rad1 Bb8 17. Rfe1 Qc7 18. g3 Nd5 19. Nh2 e5 20. Ng4 Nxe3 21. Qxe3 exd4 22. Rxd4 f5 23. Qe6+ Qf7 24. Qxf7+ Rxf7 25. Ne3 f4 26. gxf4 Bxf4 27. Ng2 Bg5 28. Re2 Rcf8 29. Ne1 Rf5 30. Kg2 Bd8 31. Rd7 Bb6 32. f3 R5f7 33. Ree7 Rxe7 34. Rxe7 Rf7 35. Re8+ Kh7 36. Re2 Rd7 37. Kg3 Kg6 38. Ng2 Bc7+ 39. Kf2 Kf6 40. Ne3 Bb6 41. Ke1 Bxe3 42. Rxe3 Rd5 43. Ke2 g5 44. Re4 Re5 45. Ke3 Kf5 46. c4 Rxe4+ 47. fxe4+ Ke5 48. a4 c5 49. Kf3 h5 50. a5 g4+ 51. hxg4 hxg4+ 52. Kxg4 Kxe4 53. Kg5 Kd4 54. Kf5 Kxc4 55. Ke4 b6 56. axb6 axb6 57. Ke3 Kb3 58. Kd3 b5 59. Kd2 Kxb2 60. Kd3 c4+ 0-1

[Event "HUN-chT2 Toth 1011"]
[Site "Hungary"]
[Date "2010.11.07"]
[Round "5.11"]
[White "Varga, Tamas"]
[Black "Fodor, Istvan"]
[Result "1/2-1/2"]
[WhiteElo "1737"]
[BlackElo "2004"]
[PlyCount "125"]
[EventDate "2010.09.12"]
[EventType "team-tourn"]
[EventRounds "11"]
[EventCountry "HUN"]
[SourceTitle "EXT 2012"]
[Source "ChessBase"]
[SourceDate "2011.11.24"]
[SourceVersion "1"]
[SourceVersionDate "2011.11.24"]
[SourceQuality "1"]
[WhiteTeam "Bekes"]
[BlackTeam "Karcag"]
[WhiteTeamCountry "HUN"]
[BlackTeamCountry "HUN"]

1. e4 c5 2. c3 d5 3. exd5 Qxd5 4. d4 e6 5. Nf3 Nc6 6. Be3 b6 7. Bb5 Bd7 8. 0-0 cxd4 9. Bxc6 Bxc6 10. Qxd4 Qf5 11. Nbd2 Rd8 12. Qe5 Ne7 13. Qxf5 Nxf5 14. Rfe1 Nxe3 15. Rxe3 Bc5 16. Ree1 g5 17. Ne4 Bxe4 18. Rxe4 Rg8 19. b4 Be7 20. Rc1 Rg6 21. Ne5 Rh6 22. Nc6 Rd2 23. Nxa7 Rxa2 24. Nc8 f5 25. Ree1 Bd8 26. Nd6+ Kf8 27. Nb5 Ke7 28. Nd4 Kf7 29. Ra1 Rxa1 30. Rxa1 Bf6 31. Ra7+ Kg6 32. Rb7 Bxd4 33. cxd4 Rh4 34. Rd7 Re4 35. Kf1 h5 36. Rd6 Kf7 37. Rxb6 Rxd4 38. Ke2 Ke7 39. b5 Rb4 40. Rb7+ Kd6 41. Rg7 g4 42. Rh7 Rxb5 43. Rxh5 Rb2+ 44. Ke1 Ke5 45. Rh7 Kf4 46. Rd7 e5 47. Rd3 Ke4 48. Rd7 Rb1+ 49. Ke2 Rh1 50. Rh7 f4 51. Rh4 Kf5 52. Rh5+ Kf6 53. Rh6+ Kg5 54. Rh8 Rb1 55. g3 f3+ 56. Kd3 Rd1+ 57. Ke4 Re1+ 58. Kd5 Re2 59. Ke6 Rxf2 60. Rg8+ Kh6 61. Kxe5 Re2+ 62. Kf6 Kh7 63. Rxg4 1/2-1/2